Budapest tram line 2 stops - Statistics

General Stats
  • This quiz has been taken 54 times
  • The average score is 12 of 13
Answer Stats
Answer Interchange % Correct
Fővám tér M4, 2B, 23,47, 48, 49
100%
Kossuth Lajos tér M2, 2B, 23
100%
Jászai Mari tér 2B, 4, 6, 23
98%
Közvágóhíd H6, 1, 24
98%
Március 15. tér
98%
Boráros tér H7, 2B, 4, 6, 23
95%
Müpa – Nemzeti Színház H7, 24
95%
Vigadó tér M1, 2B, 23
93%
Haller utca / Soroksári út 2B, 23, 24
86%
Országház, látogatóközpont
86%
Zsil utca
77%
Széchenyi István tér
73%
Eötvös tér
64%
No matching quizzes found
Score Distribution
Percent of People with Each Score
Percentile by Number Answered
Your Score History
You have not taken this quiz